000 01707nam a2200241Ia 4500
008 260220t1960||||xx |||||||||||||| ||spa||
040 _aPY-SlUNAC
_bspa
_erda
041 _aspa
082 _a575
_bM525h
100 _aMellersh, H. E. L.
_eAutor
245 0 _aHistoria de la vida /
_cpor H. E. L. Mellersh [Autor]
264 _aBarcelona :
_bJano,
_c℗1960.
300 _a1 volumen
520 _aLa obra "Historia de la vida" de H. E. L. Mellersh presenta un análisis exhaustivo de la evolución de la vida en la Tierra, abarcando desde sus orígenes más primitivos hasta la complejidad de los organismos actuales. Mellersh explora las diversas etapas del desarrollo biológico, enfatizando la interacción entre los factores ambientales y los procesos evolutivos que han dado forma a las especies. El autor utiliza un enfoque interdisciplinario, integrando conocimientos de paleontología, biología y geología para ofrecer una visión completa de cómo la vida ha respondido a cambios climáticos y geológicos a lo largo de millones de años. A través de un estilo accesible y una narrativa cautivadora, Mellersh invita a los lectores a reflexionar sobre el lugar de la humanidad en este vasto proceso evolutivo. La obra es un recurso valioso tanto para estudiantes como para el público general interesado en comprender la complejidad y la historia de la vida en nuestro planeta, resaltando la importancia de la biodiversidad y la conservación.
653 _aBiografía
653 _aHistoria
653 _aVida social
942 _b2026/02/17
_cBK
999 _c8176
_d8176